000 00391nam a2200145Ia 4500
005 20240531012044.0
008 240331s9999 xx 000 0 und d
082 _bANA
_a340
100 _aAnandarajah,T.E
245 0 _aPolice
_cT.E. Anandarajah
260 _aColombo
_bInternational Cerntre for Ethic Studies
_c2001
300 _a52 p .,
650 _aLaw Enforcement in srilanka
942 _cL
999 _c5011
_d5011